| 000 | 01745nam2a2200289 i 4500 | ||
|---|---|---|---|
| 001 | RU\NLR\BIBL_A\011249803 | ||
| 005 | 20240729125544.0 | ||
| 010 |
_a9785738919794 _bт. 1 _9500 |
||
| 021 |
_aRU _b2016-76262 _9337 |
||
| 021 |
_aRU _b2016-76262 _94957 |
||
| 035 | _a(NLR Aleph) 011249803 | ||
| 090 |
_a12160545 _c12160545 |
||
| 100 | _a20161018d2016 k y0rusy50 ca | ||
| 101 | 0 |
_arus _deng |
|
| 102 | _aRU | ||
| 105 | _aa|||z|||100zy | ||
| 200 | 0 | _aТ. 1 | |
| 210 | _d2016 | ||
| 215 |
_a289 с. _cил. |
||
| 300 | _aРез. на англ. яз. | ||
| 320 | _aБиблиогр. в конце ст. | ||
| 461 | 0 |
_1001RU\NLR\BIBL_A\011253768 _12001#$aПроблемы высшего образования$eматериалы медународной научно-методической конференции, Хабаровск, 6-8 апреля 2016 г.$eв 2 т.$f[редкол.: Т.В. Гомза, к.х.н. (отв. ред.) и др.]$vТ. 1 _912181516 _cХабаровск _d2016 _f[редкол.: Т.В. Гомза, к.х.н. (отв. ред.) и др.] _nИзд-во ТОГУ _oматериалы международной научно-методической конференции, Хабаровск, 6-8 апреля 2016 г. : в 2 т. _tПроблемы высшего образования _y9785738919787 _vТ. 1 |
|
| 942 | _cBOOK | ||
| 980 | _aNBR | ||